00733nam a2200193 i 4500001000700000003000700007005001700014008004100031080002200072100004200094245004400136260003500180300005800215490005000273504002700323600003400350830005000384852010500434187155SpMaBN20251012210007.0170426s1948 sp af |||| |bspa d a75 Lucas, Eugenio0 aGaya Nuño, Juan Antonio,d1913-197610aEugenio Lucas / cpor J.A. Gaya Nuño. aBarcelona : bCobalto, c1948. a[1] p. de lám., 47 p., [24] p. de lám. ; c25 cm.1 aEl arte y los artistas españoles desde 1800 aBibliografía: p. 47.17aLucas, Eugenio, d1817-187020 aEl arte y los artistas españoles desde 1800 aES-MaACLjL-31486 z- enc. cart. z. - Donat. herederos de la bibl. de Mª del Pilar Costa Palacín